000
00358nam a2200169Ia 4500
003
0100
008
130303s9999 xx 000 0 und d
040
_c
ARRUPELIB
050
_a
PL8681.Z77L5 1979
100
_a
The Literature Bureau
245
_a
Gwenyambira
260
_a
Gweru
260
_b
Mambo PR
260
_C
1979
300
_a
214p
942
0
0
_0
1
999
_c
26844
_d
26844